00613nam a2200181Ia 450000500170000000800410001704000190005804100120007708200150008924500920010426000240019630000270022050400440024765000360029165100720032770000220039985000100042120230711090635.0131103s9999 xx 000 0 und d aLoreto College aEnglish a574.5bRAN 4aThe Last treeb A resource book on bio-diversity ccompiled and edited by Mukesh Ranjan aPatnab[s.n.]c2000 a267 p.b ill., figures aIncludes list of common names of plants aEconomics of land and energy -  aEconomics of land and energy - Biological resource(Biodiversity) -  aRanjan,Mukesh ed. aLCLIB